Central Library OPAC University of Rajshahi

Juvenile Justice System in Bangladesh : (Record no. 83352)

MARC details
000 -LEADER
fixed length control field 00924nam a2200241 a 4500
001 - CONTROL NUMBER
RUCL Control Number 83352
003 - CONTROL NUMBER IDENTIFIER
rucl marc code BD-RjUL
005 - DATE AND TIME OF LATEST TRANSACTION
control field 20240314101435.0
008 - FIXED-LENGTH DATA ELEMENTS--GENERAL INFORMATION
fixed length control field 240314s2010 bg a|||| m||| 00| 0 eng d
035 ## - SYSTEM CONTROL NUMBER
system control number (BD-RjUL)83352
040 ## - CATALOGING SOURCE
Original cataloging agency BD-RjUL
Language of cataloging eng
Transcribing agency BD-RjUL
Modifying agency BD-RjUL
041 ## - LANGUAGE CODE
Language code of Book eng
082 ## - DEWEY DECIMAL CLASSIFICATION NUMBER
DDC Edition number 23
Classification number 364.36
Author mark and Year FEJ 2010
100 ## - MAIN ENTRY--PERSONAL NAME
Personal name Ferdousi, Nahid
9 (RLIN) 12314
245 10 - TITLE STATEMENT
Title Juvenile Justice System in Bangladesh :
Remainder of title An Analytical Study /
Statement of responsibility, etc Researcher Nahid Ferdousi ;
Name of Supervisor/Co-Supervisor Supervisor : Begum Asma Siddiqua
260 ## - PUBLICATION, DISTRIBUTION, ETC. (IMPRINT)
Place of publication, distribution, etc Rajshahi :
Name of publisher, distributor, etc Institute of Bangladesh Studies IBS), university of Rajshahi,
Date of publication, distribution, etc 2010
300 ## - PHYSICAL DESCRIPTION
Pagination xx, 326 Leaves :
Other physical details ill, ;
Dimensions 29 cm.
502 ## - DISSERTATION NOTE
Dissertation note Thesis (Ph. D.) -- Institute of Bangladesh Studies IBS), university of Rajshahi, 2010
504 ## - BIBLIOGRAPHY, ETC. NOTE
Bibliography, etc Bibliography : Leaves [316]-326
650 ## - SUBJECT ADDED ENTRY--TOPICAL TERM
Topical term or geographic name as entry element Criminology
Form subdivision Juvenile Delinquents
9 (RLIN) 12315
700 ## - ADDED ENTRY--SUPERVISOR/CO-SUPERVISOR NAME
Personal name Siddiqua, Begum Asma, Supervisor
9 (RLIN) 1919
942 ## - ADDED ENTRY ELEMENTS (KOHA)
Source of classification or shelving scheme Dewey Decimal Classification
Koha item type Theses
Holdings
Source of classification or shelving scheme Damaged status Not for loan Collection code Permanent Location Current Location Shelving location Date of accession Source of acquisition Total Checkouts Full call number Barcode Date last seen Copy number Thesis
Dewey Decimal Classification   Not For Loan Theses Central Library, University of Rajshahi Central Library, University of Rajshahi Documentation Section 01/01/2012 Controller of Exam. R. U.   THE 364.36 FEJ 2010 D3293 14/03/2024 C-I Theses